| 000 | 00663nam a22001695i 4500 | ||
|---|---|---|---|
| 001 | 162265 | ||
| 003 | ES-MaACL | ||
| 005 | 20230906212451.0 | ||
| 008 | 990723s1899 sp |||| | spa d | ||
| 040 |
_aCCPB | B _bspa _cCCPB | B |
||
| 100 | 1 |
_aPlaza y Salazar, Carlos de la. _992638 |
|
| 245 | 1 | 0 |
_aBases para organizar la Administración de Justicia / _cCarlos de la Plaza y Salazar. |
| 260 |
_aBilbao : _b[s.n.], _c1899 ( _fImprenta de la Casa de Misericordia) |
||
| 300 |
_a56 p. ; _c26 cm. |
||
| 650 | 4 |
_aAdministración de justicia- _zEspaña. _99621 |
|
| 852 |
_aES-MaACL _jT-821-F-3 _z-- Enc. hol. conservando la cub. original _z-- Enc. en un vol. facticio |
||
| 999 |
_c162265 _d162265 |
||